Merriam-Webster's notebook Spanish-English dictionary : (Record no. 283301)
[ view plain ]
| 000 -LEADER | |
|---|---|
| fixed length control field | 00353nam a2200109Ia 4500 |
| 008 - FIXED-LENGTH DATA ELEMENTS--GENERAL INFORMATION | |
| fixed length control field | 150223s9999 xx 000 0 und d |
| 020 ## - INTERNATIONAL STANDARD BOOK NUMBER | |
| International Standard Book Number | 9780877796725 |
| 050 ## - LIBRARY OF CONGRESS CALL NUMBER | |
| Classification number | PC 4640 |
| Item number | .M47 2003 |
| 245 ## - TITLE STATEMENT | |
| Title | Merriam-Webster's notebook Spanish-English dictionary : |
| 260 ## - PUBLICATION, DISTRIBUTION, ETC. (IMPRINT) | |
| Place of publication, distribution, etc | Massachusetts : |
| Name of publisher, distributor, etc | Merriam-Webster, Incorporated, |
| Date of publication, distribution, etc | 2004 |
| 300 ## - PHYSICAL DESCRIPTION | |
| Extent | 105 pages : |
| Dimensions | 28 cm. |
No items available.